| 000 | 02566nam a2200457 i 4500 | ||
|---|---|---|---|
| 001 | 193261 | ||
| 003 | SpMaBN | ||
| 005 | 20250827052658.0 | ||
| 007 | ta | ||
| 008 | 160613s2016 sp a | |||| 000 0 spa | ||
| 017 |
_aM 7385-2016 _bOficina Depósito Legal Madrid |
||
| 020 | _a9788416447640 | ||
| 035 | _a(OCoLC)952999552 | ||
| 035 | _aa5813454 | ||
| 040 |
_aSpMaBN _bspa _cSpMaBN _erdc |
||
| 080 | _a821.134.2-992"19" | ||
| 100 | 1 |
_aNistal, Gloria _4aut _0XX1740682 _eaut _9234310 |
|
| 245 | 1 | 0 |
_aPerdí una esclava en la isla de Gorée : _b[libro de viajes] / _nGloria Nistal ; prólogo de José Luis López Amigo |
| 250 | _aPrimera edición: 2016 | ||
| 260 |
_aMadrid : _bSial Pigmalión, _c2016 |
||
| 300 |
_a399 páginas, [8] páginas de láminas (color) ; _c21 cm |
||
| 336 |
_aTexto (visual) _2isbdcontent |
||
| 337 |
_asin mediación _2isbdmedia |
||
| 338 |
_2rdacarrier _avolumen |
||
| 490 | 1 | _aNarrativa Pigmalión | |
| 500 | _aÍndice | ||
| 505 | _aContiene: Corfú; Chipre; Sudáfrica y Cataratas Victoria (Zimbabue y Zambia); Gambia y Senegal | ||
| 520 | _aCon este libro Gloria nos despierta el ansia de viajar y el deseo por explorar lo que aún no hemos visitado. Es un escrito que nos regala libertad. Además es una guía estupenda para todos esos viajeros que, como yo, nos quedamos en las zonas turísticas sin atrevernos a pelar la manzana y disfrutar del verdadero sabor del lugar a donde viajamos. Desde el inicio, Gloria disfruta compartiendo con nosotros todas las sensaciones y emociones que ella siente. Perdí… es una enciclopedia divertida sobre la vida en cada lugar donde pone los pies. Este es un libro de viajes, o un libro de vida, o un libro de emociones, en ocasiones contenidas y escrito con la grandeza y la sencillez del que ama el camino y todo lo que este nos muestra, y no solo su destino. | ||
| 651 | 4 |
_9159920 _aSudáfrica- _xDescripción |
|
| 651 | 4 |
_9158839 _aÁfrica occidental- _xDescripción |
|
| 655 | 0 |
_aNarraciones de viajes _9233914 |
|
| 700 | 1 |
_aLópez Amigo, José Luis, _d1964- _9156442 |
|
| 830 |
_9234388 _aNarrativa Pigmalión |
||
| 852 |
_aES-MaACL _bR. 154660 _cDEPOJ _9200691 _xEncuadernación rústica con solapas _hDonación: Gloria Nistal _jN9432 |
||
| 903 |
_aNistal, Gloria _ednr _9234310 |
||
| 942 |
_n0 _cMONOGRAFIA |
||
| 999 |
_c193261 _d193261 |
||